书目信息 |
| 题名: |
大国货币
|
|
| 作者: | 魏伦 , 翟东升 主编 ;周大昕 译 | |
| 分册: | ||
| 出版信息: | 北京 北京大学出版社 2015 |
|
| 页数: | 168页 | |
| 开本: | 23cm | |
| 丛书名: | 世界著名智库 | |
| 单 册: | ||
| 中图分类: | F82-53 , F8 | |
| 科图分类: | ||
| 主题词: | 国际货币--Guo Ji Huo Bi--文集 , 金融国际化--Jin Rong Guo Ji Hua--国际货币体系--文集 , 财政金融 | |
| 电子资源: | ||
| ISBN: | 978-7-301-25481-3 | |
| 000 | 01473nam 2200361 450 | |
| 001 | 1655148875 | |
| 005 | 20150530084918.2 | |
| 010 | @a978-7-301-25481-3@dCNY38.00 | |
| 100 | @a20150504d2015 em y0chiy50 ea | |
| 101 | 1 | @achi@ceng |
| 102 | @aCN@b110000 | |
| 105 | @aak a 000yy | |
| 106 | @ar | |
| 200 | 1 | @a大国货币@ADa Guo Huo Bi@e国际化货币与货币国际化@f(英) 魏伦, 翟东升主编@d= The power of currencies and currencies of power@fAlan Wheatley@g周大昕译@zeng |
| 210 | @a北京@c北京大学出版社@d2015 | |
| 215 | @a168页@c图@d23cm | |
| 225 | 2 | @a世界著名智库@AShi Jie Zhu Ming Zhi Ku |
| 320 | @a有书目 | |
| 330 | @a这是一本有关国际储备货币的书。国际储备货币,乍一看离我们太远,我们只需关注自己口袋中的钱就行了,国际储备货币是国际政要、金融学者们才需要关心的事,与普通人毫无关系。事实上,国际储备货币影响着我们的方方面面,既包括我们的生活水平,也包括我们的生存环境。 | |
| 333 | @a经济学专业人员。 | |
| 410 | 0 | @12001 @a世界著名智库 |
| 500 | 10 | @aPower of currencies and currencies of power@mChinese |
| 517 | 1 | @a国际化货币与货币国际化@AGuo Ji Hua Huo Bi Yu Huo Bi Guo Ji Hua |
| 606 | 0 | @a国际货币@AGuo Ji Huo Bi@j文集 |
| 606 | 0 | @a金融国际化@AJin Rong Guo Ji Hua@x国际货币体系@j文集 |
| 606 | 0 | @a财政金融 |
| 690 | @aF82-53@v5 | |
| 690 | @aF8@v4 | |
| 701 | 1 | @a魏伦@AWei Lun@g(Wheatley, Alan)@4主编 |
| 701 | 0 | @a翟东升@AZhai Dong Sheng@4主编 |
| 702 | 0 | @a周大昕@AZhou Da Xin@4译 |
| 801 | 0 | @aCN@b江苏新华@c20150511 |
| 905 | @aBZT@dF8@e13 | |
| 大国货币:国际化货币与货币国际化/(英) 魏伦, 翟东升主编= The power of currencies and currencies of power/Alan Wheatley/周大昕译.-北京:北京大学出版社,2015 |
| 168页:图;23cm.-(世界著名智库) |
| 使用对象:经济学专业人员。 |
| ISBN 978-7-301-25481-3:CNY38.00 |
| 这是一本有关国际储备货币的书。国际储备货币,乍一看离我们太远,我们只需关注自己口袋中的钱就行了,国际储备货币是国际政要、金融学者们才需要关心的事,与普通人毫无关系。事实上,国际储备货币影响着我们的方方面面,既包括我们的生活水平,也包括我们的生存环境。 |
| ● |
| 相关链接 |
|
|
|
正题名:大国货币
索取号:F8/13
 
预约/预借
| 序号 | 登录号 | 条形码 | 馆藏地/架位号 | 状态 | 备注 |
| 1 | 796162 | 2000796162 | 第二书库/ [索取号:F8/13] | 在馆 | |
| 2 | 796163 | 2000796163 | 第二书库/ [索取号:F8/13] | 在馆 | |
| 3 | 796164 | 2000796164 | 第二书库/ [索取号:F8/13] | 在馆 |